The extremists.

Bibliographic Details
Main Author: Sherwin, Mark
Format: Book
Language:English
Published: New York : St Martin's Press, [1963]
Subjects:

MARC

Tag First Indicator Second Indicator Subfields
LEADER 00000cam a2200000 4500
001 in00000065525
005 20151007083432.0
008 750505s1963 nyu 00000 eng u
010 |a  62016180  
035 |a (OCoLC)01311892 
035 |9 AAF9362AM 
040 |c ORL  |d TXA  |d UtOrBLW 
049 |a TXAM  |c [364185] 
050 0 0 |a E743  |b .S54 
082 0 |a 323.2 
092 |a 323.2  |b S554e 
100 1 |a Sherwin, Mark. 
245 1 4 |a The extremists. 
264 1 |a New York :  |b St Martin's Press,  |c [1963] 
300 |a 242 pages ;  |c 22 cm. 
336 |a text  |b txt  |2 rdacontent 
337 |a unmediated  |b n  |2 rdamedia 
338 |a volume  |b nc  |2 rdacarrier 
650 0 |a Anti-communist movements  |z United States. 
651 0 |a United States  |x Politics and government  |y 1945-1953. 
651 0 |a United States  |x Politics and government  |y 1945-1989. 
999 |a MARS 
999 f f |s 08218886-73c5-3444-bdbf-0ee9acbd5d19  |i c362e337-7be9-31d4-b205-77603607ceb3  |t 0 
952 f f |p ric  |a Texas A&M University  |b Rellis Campus  |c Joint Library Facility  |d Remote Storage  |t 0  |e E743 .S54  |h Library of Congress classification  |i unmediated -- volume  |m A14800664275 
998 f f |a E743 .S54  |t 0  |l Remote Storage